Loading...
| Literature - World | 0 | 4 | 1 | 0 | 35 | 78 | 114.25 | 1 | 1 | 0.00 | 0.00 |
| Beliefs | 0 | 3 | 0 | 1 | 30 | 132 | 134.00 | 0 | 1 | 0.00 | 0.00 |
| Literature - British | 0 | 3 | 1 | 1 | 25 | 123 | 129.67 | 0 | 0 | 0.00 | 0.00 |
| Fine Arts - Other Arts | 0 | 2 | 0 | 0 | 20 | 80 | 100.00 | 0 | 0 | 0.00 | 0.00 |
| Other Academic | 0 | 2 | 0 | 1 | 20 | 94 | 111.00 | 0 | 0 | 0.00 | 0.00 |
| Literature - American | 1 | 1 | 2 | 0 | 15 | 56 | 79.50 | 0 | 1 | 0.00 | 0.00 |
| Philosophy | 0 | 3 | 3 | 0 | 15 | 102 | 112.33 | 0 | 1 | 0.00 | 0.00 |
| History - Other | 0 | 1 | 0 | 1 | 10 | 131 | 131.00 | 0 | 0 | 0.00 | 0.00 |
| Visual Arts | 0 | 1 | 2 | 0 | 0 | 124 | 124.00 | 0 | 0 | 0.00 | 0.00 |
| Fine Arts - Classical Music and Opera | 0 | 0 | 0 | 0 | 0 | 0.00 | 0 | 0 | 0.00 | 0.00 | |
| History - Ancient | 0 | 0 | 0 | 0 | 0 | 0.00 | 0 | 0 | 0.00 | 0.00 | |
| Literature - European | 0 | 1 | 2 | 0 | 0 | 111 | 111.00 | 0 | 0 | 0.00 | 0.00 |
| Science - Biology | 0 | 0 | 1 | 0 | -5 | 0.00 | 0 | 0 | 0.00 | 0.00 | |
| Science - Physics | 0 | 0 | 1 | 0 | -5 | 0.00 | 0 | 0 | 0.00 | 0.00 | |
| History - World | 0 | 0 | 1 | 0 | -5 | 0.00 | 0 | 0 | 0.00 | 0.00 | |
| Social Science | 0 | 0 | 2 | 0 | -10 | 0.00 | 0 | 0 | 0.00 | 0.00 |